000 00888nam a22002657a 4500
003 DO-SdBNP
005 20240530073926.0
007 ta
008 220127b2019 dr ||||| |||| 00| f spa d
020 _a9789945169706
040 _aDO-SdBNP
_bspa
_cBNPHU
082 4 _aRD863.44
_bM967a
_222
100 1 _aMuñoz, Eduardo
_981026
245 1 3 _aEl ajedrez de la vida /
_cEduardo Muñoz ; prólogo y corrección de estilo Luz M. Abreu Lantigua.
246 1 _aEl ajedrez de la vida
_b(novela)
260 _aSanto Domingo :
_bBúho,
_c2019.
300 _a97 p. ;
_c23 cm.
500 _aIncluye datos biográficos del autor en las solapas.
590 _aInventariado, 2022 /LP
650 1 0 _aNovela dominicana
_9223
650 1 4 _aLiteratura dominicana
700 1 _aAbreu Lantigua, Luz M.,
_epról.
_981027
910 _aLopérez./Validado. Control de calidad MFF
942 _2ddc
_cLBS1
999 _c51241
_d51241